|
|
|
|
| LEADER |
00903nam a22002417a 4500 |
| 001 |
31888 |
| 003 |
BD-DhAAL |
| 005 |
20170704152536.0 |
| 008 |
170504s2016 bg ||||| |||| 00| 0 eng d |
| 999 |
|
|
|c 38186
|d 38186
|
| 040 |
|
|
|a BD-DhAAL
|c BD-DhAAL
|
| 082 |
|
|
|2 23
|a 370.095492
|
| 245 |
|
|
|a BRAC University 9th convocation :
|b 20th November, 2014
|
| 260 |
|
|
|a Dhaka :
|b BRAC University,
|c 2014
|
| 300 |
|
|
|a 207 pages :
|b illustrations,
|c 28 cm.
|
| 526 |
|
|
|a AAL
|
| 541 |
|
|
|e 31888
|
| 610 |
|
|
|a BRAC University
|x Programs
|9 21380
|
| 650 |
|
|
|a Education
|z Bangladesh
|9 21381
|
| 710 |
|
|
|a BRAC University
|9 21382
|
| 852 |
|
|
|a Ayesha Abed Library
|c General Stacks
|
| 942 |
|
|
|2 ddc
|c BK
|
| 952 |
|
|
|0 0
|1 4
|2 ddc
|4 0
|6 370_095492000000000_BRA
|7 0
|9 60873
|a BRACUL
|b BRACUL
|c GEN
|d 2017-07-04
|e Complimentary copy from Registrar office, BRAC University
|l 0
|o 370.095492 BRA
|p 3010031888
|r 2017-07-04
|t 1
|w 2017-07-04
|y BK
|x Koha Inventory 2020
|